Uso de hábitat de Capito hypoleucus, una especie endémica y amenazada de Colombia (Aves (Registro nro. 3025)
[ vista simple ]
| 000 -CABECERA | |
|---|---|
| Campo de control | 01726nam a2200253 a 4500 |
| 005 - FECHA Y HORA DE LA ULTIMA TRANSACCION | |
| Campo de control | 20141115020002.0 |
| 008 - ELEMENTOS DE LONGITUD FIJA—INFORMACION GENERAL | |
| Campo de control | 140122b2002 ck ||||| |||| 00| 0 spa d |
| 041 ## - IDIOMA | |
| Código de idioma para texto/pista de sonido o título separado | Español |
| 044 ## - PAÍS DE PUBLICACIÓN | |
| País de publicación | Colombia |
| 090 ## - CLASIFICACIÓN LOCAL | |
| Colección | IAvH |
| Consecutivo | 00232 |
| 100 ## - ASIENTO PRINCIPAL--NOMBRE PERSONAL | |
| Nombre personal | Múnera, Claudia |
| 245 ## - MENCION DE TITULO | |
| Título | Uso de hábitat de Capito hypoleucus, una especie endémica y amenazada de Colombia (Aves |
| Parte restante del título | Capitonidae) |
| 260 ## - PUBLICACION, DISTRIBUCION, ETC. (PIE DE IMPRENTA) | |
| Lugar de publicación, distribución, etc. | Bogotá |
| Nombre del editor, distribuidor, etc. | Universidad Nacional de Colombia |
| Fecha de publicación, distribución, etc. | 2002 |
| 300 ## - DESCRIPCION FISICA | |
| Extensión | 80 p. |
| 520 ## - NOTA DE RESUMEN, ETC. | |
| Nota de resumen | En la serranía de las Quinchas (Boyacá), se realizó un estudio sobre diferentos aspectos ecológicos de la especie, buscando determinar el uso que hace de los componentes ambientales de su hábitat natural, el tipo de bosque que habita, y evaluar la preferencia altitudinal de su rango de distribución. Se realizaron censos durante seis meses para determinar la densidad del ave en diferentes tipos de bosque y se hicieron levantamientos de vegetación. Se encontró mayor presencia en bosque primario, variación altitudinal en la densidad de la especie, siendo la deforestación del bosque primario uno de los factores con mayor afectación negativa sobre la presencia de la especie. Estudios posteriores deben hacer mayor énfasis en aspectos ecológicos, como la dieta y el comportamiento; hacer seguimiento de las poblaciones de la serranía; y promover la conservación de los bosques del Magdalena medio |
| 650 ## - ASIENTO SECUNDARIO DE MATERIA - TERMINO TEMATICO | |
| Término temático o nombre geográfico como elemento de entrada | Abundancia en bosques maduros |
| 650 ## - ASIENTO SECUNDARIO DE MATERIA - TERMINO TEMATICO | |
| Término temático o nombre geográfico como elemento de entrada | Estructura boscosa |
| 650 ## - ASIENTO SECUNDARIO DE MATERIA - TERMINO TEMATICO | |
| Término temático o nombre geográfico como elemento de entrada | Densidad de poblaciones |
| 650 ## - ASIENTO SECUNDARIO DE MATERIA - TERMINO TEMATICO | |
| Término temático o nombre geográfico como elemento de entrada | Rango altitudinal |
| 650 ## - ASIENTO SECUNDARIO DE MATERIA - TERMINO TEMATICO | |
| Término temático o nombre geográfico como elemento de entrada | Aspectos ecológicos |
| 650 ## - ASIENTO SECUNDARIO DE MATERIA - TERMINO TEMATICO | |
| Término temático o nombre geográfico como elemento de entrada | Historia natural de la especie |
| 700 ## - ASIENTO SECUNDARIO - NOMBRE PERSONAL | |
| Nombre personal | Laverde, Oscar |
| 942 ## - ELEMENTOS ADICIONALES (KOHA) | |
| Tipo de ítem | Informe Técnico |
| Sistema de clasificación | Local |
| Koha issues (borrowed), all copies | 1 |
| Withdrawn status | Lost status | Sistema de Clasificación | Damaged status | No para préstamo | Colección | Inventariado | Ubicación Permanente | Ubicación actual | Fecha de adquisición | Fuente de Valor | Total Checkouts | Número topográfico | Inventario / Código de Barras | Date last seen | Date checked out | Ejemplar | Price effective from | Forma de adquisición | Tipo de material |
|---|---|---|---|---|---|---|---|---|---|---|---|---|---|---|---|---|---|---|---|
| Local | Humboldt | Inventariado 2017 | Bogotá | Bogotá | 05/02/2003 | Franco,Ana María | 1 | IAvH-00232 | 004212 | 09/08/2024 | 14/11/2014 | Ej. 1 | 04/12/2012 | Informe Técnico |